000 01291cam a2200277 4500
001 J118305
008 020131n2002 000 0 eng u
022 _a1354-506X
035 _a(Sirsi) u118305
041 _aeng
050 _a333.332
_c18
100 _aBretten, James
245 _aHow much wrong is right? Variance in commercial property valuations
260 _aLondon
_bRICS Foundation
_c2002
490 _aRICS Foundation Research Papers
_v4(9)
520 _aInvestigates the extent and possible causes of variance in property investment valuations for commercial lending purposes within the UK.
520 _aAvailable to download, by subscription or one-off payment, at www.rics-foundation.org. RICS members may also view the research via the public access terminals in the RICS Library - please ask Library Staff for details.
650 _aPROPERTY-COMMERCIAL PROPERTY-COMMERCIAL PROPERTY APPRAISAL AND VALUATION
650 _aINVESTMENT VALUATION
650 _aVARIANCE
690 _aPROPERTY-PROPERTY APPRAISAL AND VALUATION
700 _aWyatt, Peter
710 _aRoyal Institution of Chartered Surveyors
_bFoundation
_94173
856 _uhttps://www.rics-foundation.org/publish/document.aspx?did=2893
_vView the research on the RICS website...
942 _n0
999 _c102124
_d102124